Dragon Ball Super - Membres des Pride Troopers - Statistiques

Statistiques générales
  • Ce quiz a été pris 43 fois
  • Le résultat moyen est 4 sur 11
Statistiques - réponses
Description Membres % Correct
Leader Toppo
100%
Membre le plus puissant Jiren
95%
Lapin Dyspo
70%
Général Kasseral
46%
Seul membre féminin Cocotte
35%
Frankenstein Tupper
22%
Membre le plus petit Zoire
14%
Dinosaure Vuon
11%
Ancien membre Vermoud
8%
Ressemble à un amphibien Kettle
5%
Ressemble à un alien Kunsi
5%
Aucun quiz correspondant
Distribution des résultats
% des personnes avec chaque résultat
Percentile par nombre de réponses
Votre historique - résultats
Vous n’avez pas pris ce quiz